ბათუმის შოთა რუსთაველის სახელმწიფო უნივერსიტეტის ბიბლიოთეკა

Специальный курс высшей математики пикладные вопрсы анализа. . (ბიბ.ჩანაწერი № 38967)

000 -LEADER
fixed length control field 00708nam a2200205Ia 4500
001 - CONTROL NUMBER
control field 5422
003 - CONTROL NUMBER IDENTIFIER
control field GE_BSU
008 - FIXED-LENGTH DATA ELEMENTS--GENERAL INFORMATION
fixed length control field 181216s||||||||xx |||||||||||||| ||und||
040 ## - CATALOGING SOURCE
Transcribing agency GE_BSU
080 ## - UNIVERSAL DECIMAL CLASSIFICATION NUMBER
Universal Decimal Classification number 517(075.8)
100 ## - MAIN ENTRY--PERSONAL NAME
Personal name Кальницкий Л.А., Добротин Д.А., Жевержеев В.Ф.
245 ## - TITLE STATEMENT
Title Специальный курс высшей математики пикладные вопрсы анализа. .
245 ## - TITLE STATEMENT
Remainder of title Учеб. пособие для студ. вузов
260 ## - PUBLICATION, DISTRIBUTION, ETC.
Place of publication, distribution, etc. москва
260 ## - PUBLICATION, DISTRIBUTION, ETC.
Name of publisher, distributor, etc. Высшая школа,
260 ## - PUBLICATION, DISTRIBUTION, ETC.
Date of publication, distribution, etc. 1976.
300 ## - PHYSICAL DESCRIPTION
Extent 388с
653 ## - INDEX TERM--UNCONTROLLED
Uncontrolled term Специальный курс высшей математики
942 ## - ADDED ENTRY ELEMENTS (KOHA)
Koha item type წიგნი
ეგზემპლარები
Withdrawn status Lost status Damaged status Not for loan Date acquired Barcode Date last seen Price effective from Koha item type
        2018-12-17 16507 2018-12-17 2018-12-17 წიგნი
        2018-12-17 16271 2018-12-17 2018-12-17 წიგნი